000 00417cam a2200145 4500500
005 20260301000610.0
041 _afre
042 _adc
100 1 0 _aMambrino, Jean
_eauthor
245 0 0 _aDrama
260 _c2002.
500 _a15
786 0 _nÉtudes | Volume 397 | 11 | 2002-11-01 | p. 539-543 | 0014-1941
856 4 1 _uhttps://shs.cairn.info/journal-etudes-2002-11-page-539?lang=en&redirect-ssocas=7080
999 _c1672027
_d1672027